000 00905nam a2200253 a 4500
001 62985
003 BD-RjUL
005 20211209081140.0
008 170126s1970 bg ||||| |||| 00| 0 eng d
035 _a(BD-RjUL)63113
040 _aBD-RjUL
_beng
_cBD-RjUL
041 _aeng
082 _223
_a339.46095492
_bAHT 1970
100 1 _aAhmadullah, A. K.
_9187333
245 1 0 _aThey live on charity :
_bthe report of a survey on beggars in Dacca City /
_cA. K. Ahmadullah, Muhammad A. Momen and Md. Hafizul Islam
260 _aDacca :
_bCollege of Social Welfare and Research Centre,
_c1970
300 _a83 p. ;
_c23 cm.
490 _aMimeographed Reports and Studies ;
_vno. 6
650 _aPoverty
_zDhaka City (Bangladesh)
_9174251
700 _aMomen, Muhammad A.
_9187334
700 _aIslam, Md. Hafizul
_9187335
830 _aMimeographed Reports and Studies ;
_vno. 6
_9190065
942 _2ddc
_cBK
999 _c62985
_d62985